Statistics for Disney Characters

Click here to take the quiz!

General Stats

  • This quiz has been taken 80 times
    (76 since last reset)
  • The average score is 14 of 15

Answer Stats

Answer% Correct
Minnie Mouse
100%
Snow White
100%
Cinderella
98%
Mickey Mouse
98%
Belle
96%
Donald Duck
96%
Tinker Bell
96%
Beast
94%
Woody
94%
Goofy
92%
Olaf
92%
Tigger
92%
Ariel
91%
Pocahontas
91%
Mad Hatter
87%

Score Distribution

Percentile by Number Answered

Percent of People with Each Score

Your Score History

You have not taken this quiz since the last reset